000 01055nam a2200241 i 4500
001 184147
003 ES-MaACL
005 20250522063051.0
008 150325s1972 sp |||| |dspa d
080 _a821.134.2-223"17"
100 1 _aCruz, Ramón de la,
_d1731-1794
_941806
245 1 0 _aDoce sainetes /
_cRamón de la Cruz ; edición, prólogo y notas de José Francisco Gatti.
260 _aBarcelona :
_bLabor,
_c1972.
300 _a334 p. ;
_c18 cm.
490 1 _aTextos hispánicos modernos ;
_v17
504 _aBibliografía: p. 27-28.
505 8 _aContiene: El hospital de la moda ; El petimetre ; El teatro por dentro ; Manolo ; El Rastro por la mañana ; Las tertulias de Madrid ; De tres, ninguna ; El poeta aburrido ; La oposición a cortejo ; Los bandos de Lavapiés ; El marido discreto ; La Petra y la Juana
599 _aRetr. del autor en contracub.
700 1 _aGatti, José Francisco.
_9156617
830 1 _aTextos hispánicos modernos ;
_v17
_9181506
852 _aES-MaACL
_jE-15519
999 _c184147
_d184147